Ligue 1 2014-2015 Dream Team - Statistics

General Stats
  • This quiz has been taken 109 times
    108 since last reset
  • The average score is 8 of 12
Answer Stats
Post Answer % Correct
ST Zlatan Ibrahimovic
92%
DF Thiago Silva
91%
GK Steve Mandanda
80%
ST Alexandre Lacazette
75%
Coach Laurent Blanc
71%
DF David Luiz
68%
MF Marco Verratti
65%
DF Maxwell
64%
ST Nabil Fekir
54%
MF Javier Pastore
49%
MF Dimitri Payet
47%
DF Christohe Jallet
36%
No matching quizzes found
Score Distribution
Percent of People with Each Score
Percentile by Number Answered
Your Score History
You have not taken this quiz since the last reset